[Event "Florianopolis op 10th"]
[Site "Florianopolis"]
[Date "2024.01.23"]
[Round "5"]
[White "Carmo, Jose Arlindo"]
[Black "Karoly, Carlos Acacio Gomes"]
[Result "0-1"]
[WhiteElo "1541"]
[BlackElo "1846"]
[PlyCount "119"]
[EventDate "2024.01.20"]
[EventType "swiss"]
[EventRounds "10"]
[EventCountry "BRA"]
[SourceTitle "CB05_2024"]
[SourceDate "2024.01.31"]
[SourceVersion "1"]
[SourceVersionDate "2024.01.31"]
[SourceQuality "1"]

1. e4 c5 2. Nf3 e6 3. d3 Nc6 4. g3 d6 5. Bg2 Nf6 6. 0-0 Be7 7. Nbd2 0-0 8. Re1 Qc7 9. h3 a6 10. Nf1 b5 11. N1h2 Bb7 12. Qe2 Nd4 13. Nxd4 cxd4 14. Nf3 e5 15. Bd2 Bc8 16. c3 dxc3 17. Bxc3 Rb8 18. d4 b4 19. dxe5 bxc3 20. exf6 Bxf6 21. Rac1 Qa5 22. b3 Re8 23. Qc2 Bb7 24. Rcd1 Qb4 25. Nh2 g6 26. Ng4 Bg7 27. f3 Rbc8 28. Kh2 a5 29. Ne3 Ba6 30. Nd5 Qa3 31. Bf1 Bxf1 32. Rxf1 Rc6 33. Rc1 Kf8 34. Qd3 Qxa2+ 35. Qc2 Qxc2+ 36. Rxc2 Rb8 37. Rb1 Ke8 38. Kg2 Kd7 39. Kf1 Rc5 40. Ke2 f5 41. Kd3 fxe4+ 42. fxe4 Rf8 43. Ke3 Bh6+ 44. Ke2 Bg7 45. g4 Re8 46. Kd3 Rf8 47. Ke2 Be5 48. Rd1 Rb5 49. Nxc3 Rxb3 50. Rd3 Bxc3 51. Rcxc3 Rxc3 52. Rxc3 a4 53. Ra3 Ra8 54. Ke3 Ke6 55. Kd4 g5 56. Kd3 d5 57. exd5+ Kxd5 58. Kc3 Kc5 59. Ra2 a3 60. Kb3 0-1

[Event "Florianopolis op 9th"]
[Site "Florianopolis"]
[Date "2023.01.25"]
[Round "4"]
[White "Karoly, Carlos Acacio Gomes"]
[Black "Lopez, Hector"]
[Result "1-0"]
[WhiteElo "1877"]
[BlackElo "1613"]
[PlyCount "79"]
[EventDate "2023.01.23"]
[EventType "swiss"]
[EventRounds "10"]
[EventCountry "BRA"]
[SourceTitle "CBM 212 Extra"]
[Source "ChessBase"]
[SourceDate "2023.03.31"]
[SourceVersion "1"]
[SourceVersionDate "2023.03.31"]
[SourceQuality "1"]

1. e4 c5 2. Nf3 g6 3. c3 Bg7 4. d4 cxd4 5. cxd4 e6 6. Nc3 Ne7 7. Bg5 0-0 8. Qd2 d5 9. e5 a6 10. Bd3 b5 11. 0-0 Nbc6 12. Rac1 Qb6 13. Bb1 Nf5 14. Bxf5 gxf5 15. Bf6 h6 16. Qf4 Kh7 17. Bxg7 Kxg7 18. Rfd1 Rg8 19. Qh4 Qd8 20. Qxd8 Nxd8 21. Ne2 Bb7 22. Rc7 Rc8 23. Rdc1 Rxc7 24. Rxc7 b4 25. Nf4 Bc6 26. Nd2 Bb5 27. Nb3 Kf8 28. Na5 Rg4 29. g3 Ke8 30. f3 Rg5 31. Kf2 Kf8 32. h4 Rg7 33. Nh5 Rg6 34. Nf6 Rg7 35. h5 Ba4 36. Nb7 Nxb7 37. Rxb7 Bb5 38. Ra7 Rg5 39. f4 Rg7 40. Kf3 1-0

[Event "Niteroi op 2nd"]
[Site "Niteroi"]
[Date "2022.09.05"]
[Round "7"]
[White "Vaz, Osvaldo Jose"]
[Black "Karoly, Carlos Acacio Gomes"]
[Result "1/2-1/2"]
[WhiteElo "1645"]
[BlackElo "1854"]
[PlyCount "61"]
[EventDate "2022.09.01"]
[EventType "swiss"]
[EventRounds "9"]
[EventCountry "BRA"]
[SourceTitle "CBM 210 Extra"]
[Source "ChessBase"]
[SourceDate "2022.11.30"]
[SourceVersion "1"]
[SourceVersionDate "2022.11.30"]
[SourceQuality "1"]

1. e4 d6 2. d4 Nf6 3. Nc3 g6 4. Be3 c6 5. Qd2 Nbd7 6. Bd3 b5 7. Nf3 a6 8. 0-0 Bg7 9. Ne2 Bb7 10. Ng3 Qc7 11. c4 Ng4 12. Rac1 Nxe3 13. fxe3 Qb6 14. a3 c5 15. Qf2 0-0 16. b3 Rac8 17. Kh1 h6 18. Qe2 b4 19. axb4 cxd4 20. exd4 Bxd4 21. Nxd4 Qxd4 22. Rcd1 Qe5 23. Bb1 Nf6 24. Qe3 Kh7 25. Rde1 h5 26. Rf4 Rb8 27. Ref1 Bc8 28. Qd2 Be6 29. Rh4 Kg7 30. Rf5 Qa1 31. Rf1 1/2-1/2

[Event "Porto Alegre Regional Sul"]
[Site "Porto Alegre"]
[Date "2019.12.15"]
[Round "5"]
[White "Karoly, Carlos Acacio Gomes"]
[Black "Bidigaray, Marcio"]
[Result "1-0"]
[WhiteElo "1856"]
[BlackElo "1603"]
[PlyCount "87"]
[EventDate "2019.12.13"]
[EventType "swiss"]
[EventRounds "5"]
[EventCountry "BRA"]
[SourceTitle "EXT 2021"]
[Source "ChessBase"]
[SourceDate "2020.10.23"]
[SourceVersion "1"]
[SourceVersionDate "2020.10.23"]
[SourceQuality "1"]

1. Nf3 Nf6 2. g3 c6 3. c4 g6 4. b3 Bg7 5. Bb2 0-0 6. Bg2 Qb6 7. 0-0 d6 8. d4 d5 9. c5 Qc7 10. Nbd2 b6 11. Rc1 Nbd7 12. cxb6 axb6 13. a3 Bh6 14. e3 Ba6 15. Re1 Bd3 16. Ne5 Nxe5 17. dxe5 Ne4 18. f3 Nxd2 19. Qxd2 Ba6 20. f4 e6 21. g4 Rad8 22. g5 Bg7 23. h4 c5 24. h5 Qd7 25. Red1 Qb5 26. h6 Bh8 27. Bf1 Qc6 28. Bxa6 d4 29. Be2 Qe4 30. Qd3 Qa8 31. exd4 cxd4 32. Bf3 Qa7 33. Rc4 Qb8 34. Rxd4 Rc8 35. Rd7 b5 36. Rb7 Rcd8 37. Rxb8 Rxd3 38. Rxf8+ Kxf8 39. Rxd3 Ke7 40. Bc3 f5 41. Bb4+ Kf7 42. Rd7+ Kg8 43. Rd8+ Kf7 44. Rf8# 1-0

[Event "Florianopolis zt 2.4"]
[Site "Florianopolis"]
[Date "2017.05.01"]
[Round "9"]
[White "Karoly, Carlos Acacio Gomes"]
[Black "Serafim Junior, Arnor"]
[Result "1-0"]
[WhiteElo "1799"]
[BlackElo "1855"]
[PlyCount "119"]
[EventDate "2017.04.26"]
[EventType "swiss"]
[EventRounds "9"]
[EventCountry "BRA"]
[SourceTitle "CBM 178 Extra"]
[Source "ChessBase"]
[SourceDate "2017.06.22"]
[SourceVersion "1"]
[SourceVersionDate "2017.06.22"]
[SourceQuality "1"]

1. e4 c5 2. Nf3 e6 3. d4 cxd4 4. Nxd4 a6 5. Bd3 Nf6 6. 0-0 Qc7 7. Nc3 Be7 8. Kh1 0-0 9. f4 d6 10. Qe2 Nbd7 11. Bd2 b5 12. a3 Rd8 13. Rad1 Nc5 14. Nf3 Nxd3 15. cxd3 Bb7 16. Rc1 Qb8 17. d4 d5 18. e5 Ne4 19. g4 b4 20. axb4 Bxb4 21. f5 a5 22. Rg1 Ba6 23. Qe3 Bxc3 24. Bxc3 Qb5 25. Rge1 Qd3 26. Bxa5 Rdb8 27. fxe6 fxe6 28. b4 Qxe3 29. Rxe3 Nf2+ 30. Kg2 Nxg4 31. Rec3 Bc4 32. Nd2 Rc8 33. h3 Nh6 34. Nxc4 Rxc4 35. Rxc4 dxc4 36. Rxc4 Nf5 37. Kf3 g5 38. Ke4 h5 39. Rc6 Kf7 40. Rc7+ Kg6 41. Rc6 Ng3+ 42. Kf3 Nf5 43. Rxe6+ Kg7 44. Ke4 Ng3+ 45. Kd5 Ne2 46. Rc6 g4 47. hxg4 hxg4 48. Rc2 Nf4+ 49. Ke4 Rf8 50. d5 g3 51. Bb6 Nh5 52. Be3 Rf1 53. Rb2 Rh1 54. b5 Rh2 55. Rb1 g2 56. Rg1 Ng3+ 57. Kf3 Nf5 58. Bc5 Kf7 59. b6 Nh4+ 60. Kf2 1-0

[Event "Florianopolis zt 2.4"]
[Site "Florianopolis"]
[Date "2017.04.28"]
[Round "3"]
[White "Okamura, Milton Kasuo"]
[Black "Karoly, Carlos Acacio Gomes"]
[Result "1-0"]
[WhiteElo "2072"]
[BlackElo "1799"]
[PlyCount "197"]
[EventDate "2017.04.26"]
[EventType "swiss"]
[EventRounds "9"]
[EventCountry "BRA"]
[SourceTitle "CBM 178 Extra"]
[Source "ChessBase"]
[SourceDate "2017.06.22"]
[SourceVersion "1"]
[SourceVersionDate "2017.06.22"]
[SourceQuality "1"]

1. d4 Nf6 2. c4 g6 3. Nc3 Bg7 4. e4 d6 5. Nf3 0-0 6. Be2 c5 7. d5 b5 8. cxb5 a6 9. bxa6 Bxa6 10. 0-0 Qb6 11. Bxa6 Nxa6 12. Qe2 Nd7 13. Nd2 Nc7 14. Nc4 Qa6 15. Re1 Nb5 16. Nxb5 Qxb5 17. Bf4 Nb6 18. Nxb6 Qxb6 19. e5 Ra4 20. Bg3 Rb4 21. b3 h5 22. h3 Ra8 23. exd6 exd6 24. Rac1 Rd4 25. Rc2 Rd8 26. Rd2 Rxd2 27. Qxd2 Qb7 28. Qg5 Rd7 29. Bf4 Qb4 30. Re8+ Kh7 31. Qg3 Qd4 32. Bxd6 Qxd5 33. Be5 Qd1+ 34. Kh2 Rd3 35. Qf4 Rd5 36. Bxg7 Kxg7 37. Re7 Rf5 38. Qe4 Qd6+ 39. Kg1 Qd1+ 40. Qe1 Qc2 41. Re2 Qd3 42. Qd2 Qb5 43. Qc3+ Kh7 44. Rd2 Qb6 45. Qe3 Qc7 46. Qd3 Qe7 47. Re2 Qf6 48. a4 Qa1+ 49. Kh2 Qf6 50. Qe3 Qd6+ 51. Kg1 Rd5 52. Qg3 Qf6 53. Re3 Rd1+ 54. Kh2 h4 55. Qf3 Qd6+ 56. g3 hxg3+ 57. Qxg3 Qd5 58. Qh4+ Kg7 59. Qe4 Qd2 60. Qe5+ Kh7 61. Qf6 Qd5 62. Qh4+ Kg7 63. Qe4 Qd2 64. Qe5+ Kh7 65. Rf3 Qd7 66. Qxc5 Rd5 67. Qe3 Kg8 68. Qf4 Rd4 69. Qb8+ Kh7 70. Qe5 Rd5 71. Qf4 Kg8 72. Kg2 Rd4 73. Qb8+ Kh7 74. Qb5 Qe7 75. a5 Qe6 76. Qb7 Rd7 77. Qb6 Rd6 78. Qe3 Qd7 79. b4 Rc6 80. Qb3 Kg8 81. b5 Rc5 82. b6 Rg5+ 83. Rg3 Qb7+ 84. Kh2 Rxa5 85. Rxg6+ Kh7 86. Rf6 Kg7 87. Qc3 Qb8+ 88. Rf4+ f6 89. Qg3+ Rg5 90. Rg4 Qxb6 91. Rxg5+ fxg5 92. Qxg5+ Kf7 93. Qf4+ Kg6 94. h4 Qb3 95. Qg5+ Kf7 96. Qf5+ Kg7 97. h5 Qc4 98. Qg6+ Kf8 99. Qf6+ 1-0

[Event "BRA-ch Amateur"]
[Site "Sao Paulo"]
[Date "2015.04.02"]
[Round "5"]
[White "Karoly, Carlos Acacio Gomes"]
[Black "De Borba, Gabriel"]
[Result "1/2-1/2"]
[WhiteElo "1853"]
[BlackElo "1637"]
[PlyCount "54"]
[EventDate "2015.04.30"]
[EventType "swiss"]
[EventRounds "7"]
[EventCountry "BRA"]
[SourceTitle "EXT 2022"]
[Source "ChessBase"]
[SourceDate "2021.10.06"]
[SourceVersion "1"]
[SourceVersionDate "2021.10.06"]
[SourceQuality "1"]

1. e4 c5 2. Nf3 e6 3. d4 cxd4 4. Nxd4 a6 5. Bd3 Nf6 6. Qe2 d6 7. 0-0 Be7 8. c4 Qc7 9. Nc3 0-0 10. Be3 b6 11. Rac1 Nbd7 12. Bb1 Bb7 13. Rfd1 Rac8 14. b3 Qb8 15. f3 Bd8 16. g4 h6 17. g5 hxg5 18. Bxg5 Rc5 19. Be3 Rh5 20. Kh1 Bc7 21. Rg1 d5 22. Rg2 dxe4 23. Nxe4 Nxe4 24. Bxe4 Bxe4 25. fxe4 Nf6 26. Rcg1 Rh7 27. Bg5 Nd7 1/2-1/2

[Event "Florianopolis op"]
[Site "Florianopolis"]
[Date "2015.01.16"]
[Round "5"]
[White "Cella, Glaucio Dalla Cortt"]
[Black "Karoly, Carlos Acacio Gomes"]
[Result "1-0"]
[WhiteElo "2033"]
[BlackElo "1914"]
[PlyCount "91"]
[EventDate "2015.01.14"]
[EventType "swiss"]
[EventRounds "10"]
[EventCountry "BRA"]
[SourceTitle "CBM 164 Extra"]
[Source "ChessBase"]
[SourceDate "2015.03.02"]
[SourceVersion "1"]
[SourceVersionDate "2015.03.02"]
[SourceQuality "1"]

1. e4 d6 2. d4 Nf6 3. f3 g6 4. Bg5 c6 5. Qd2 Nbd7 6. Na3 a6 7. h4 h5 8. Bd3 b5 9. c3 Rb8 10. Nc2 Bg7 11. f4 c5 12. e5 c4 13. exf6 exf6 14. Be4 fxg5 15. hxg5 Bb7 16. Bxb7 Rxb7 17. 0-0-0 0-0 18. g4 f6 19. gxh5 fxg5 20. Qg2 Rc7 21. Qd5+ Kh7 22. Qxd6 Rf6 23. hxg6+ Kxg6 24. f5+ Kf7 25. Qd5+ Kf8 26. Ne3 Rcc6 27. Ng4 Rfd6 28. Qg2 b4 29. f6 Nxf6 30. Ne5 Rc8 31. Qb7 Rc7 32. Qxb4 Nd5 33. Rf1+ Kg8 34. Qa4 Ne3 35. Re1 Ng2 36. Re2 Nf4 37. Reh2 g4 38. Nxg4 Rg6 39. Ne5 Rf6 40. Ngf3 Nd5 41. Qc2 Nf4 42. Qh7+ Kf8 43. Qe4 Kg8 44. Ng5 Nd3+ 45. Nxd3 cxd3 46. Qh7+ 1-0

[Event "Porto Alegre op"]
[Site "Porto Alegre"]
[Date "2013.09.14"]
[Round "6"]
[White "Bueno, Jair Cardona"]
[Black "Karoly, Carlos Acacio Gomes"]
[Result "1/2-1/2"]
[WhiteElo "1910"]
[BlackElo "1900"]
[PlyCount "60"]
[EventDate "2013.07.06"]
[EventType "swiss"]
[EventRounds "6"]
[EventCountry "BRA"]
[SourceTitle "EXT 2014"]
[Source "ChessBase"]
[SourceDate "2013.11.20"]
[SourceVersion "1"]
[SourceVersionDate "2013.11.20"]
[SourceQuality "1"]

1. d4 Nf6 2. Nf3 g6 3. g3 Bg7 4. Bg2 d6 5. c4 0-0 6. 0-0 Nc6 7. Nc3 Re8 8. Re1 a6 9. e4 e5 10. d5 Nd4 11. Nxd4 exd4 12. Na4 Bd7 13. b4 Ng4 14. Nb2 Ne5 15. Rb1 b6 16. f3 Rb8 17. Qc2 f5 18. Bd2 fxe4 19. fxe4 Rf8 20. Rf1 Qe7 21. Rbc1 Rbe8 22. Qb1 Bg4 23. Bf4 Kh8 24. Qc2 Kg8 25. Nd3 Bd7 26. Nxe5 dxe5 27. Bd2 Rxf1+ 28. Rxf1 Rf8 29. Qb1 Rxf1+ 30. Qxf1 Bf8 1/2-1/2

[Event "Porto Alegre op"]
[Site "Porto Alegre"]
[Date "2013.09.14"]
[Round "5"]
[White "Karoly, Carlos Acacio Gomes"]
[Black "Pasini, Iuri Alan"]
[Result "1/2-1/2"]
[WhiteElo "1900"]
[BlackElo "1990"]
[PlyCount "83"]
[EventDate "2013.07.06"]
[EventType "swiss"]
[EventRounds "6"]
[EventCountry "BRA"]
[SourceTitle "EXT 2014"]
[Source "ChessBase"]
[SourceDate "2013.11.20"]
[SourceVersion "1"]
[SourceVersionDate "2013.11.20"]
[SourceQuality "1"]

1. e4 e5 2. Nf3 Nf6 3. Nxe5 d6 4. Nf3 Nxe4 5. Nc3 Nf6 6. h3 d5 7. d4 Bd6 8. Bg5 c6 9. Bd3 0-0 10. 0-0 h6 11. Bd2 b6 12. Re1 Re8 13. Rxe8+ Nxe8 14. Qe2 Be6 15. Re1 a5 16. Bf5 Bxf5 17. Qxe8+ Qxe8 18. Rxe8+ Kh7 19. Ne5 Ra7 20. g4 Bxc2 21. Rd8 Bc7 22. Rc8 Bxe5 23. dxe5 Nd7 24. f4 d4 25. Ne2 c5 26. Nxd4 Bd3 27. Nf3 Be4 28. Kf2 Bd5 29. a3 b5 30. Rd8 b4 31. Ke2 Rc7 32. Ne1 Nb6 33. Nc2 Bc4+ 34. Ke1 Bd5 35. Ne3 Be4 36. Rd6 Na4 37. Nc4 Bc2 38. axb4 axb4 39. Bc1 Bb3 40. Nd2 Bc2 41. Nc4 Bb3 42. Nd2 1/2-1/2

[Event "Porto Alegre op"]
[Site "Porto Alegre"]
[Date "2013.07.06"]
[Round "1"]
[White "Karoly, Carlos Acacio Gomes"]
[Black "Santos, Henrique Chaves"]
[Result "1-0"]
[WhiteElo "1900"]
[BlackElo "1800"]
[PlyCount "51"]
[EventDate "2013.07.06"]
[EventType "swiss"]
[EventRounds "6"]
[EventCountry "BRA"]
[SourceTitle "EXT 2014"]
[Source "ChessBase"]
[SourceDate "2013.11.20"]
[SourceVersion "1"]
[SourceVersionDate "2013.11.20"]
[SourceQuality "1"]

1. e4 e6 2. d4 d5 3. Nc3 Bb4 4. e5 a6 5. Nf3 Nc6 6. Bd3 Bd7 7. 0-0 h6 8. Ne2 Qe7 9. c3 Ba5 10. b4 Bb6 11. a4 a5 12. b5 Na7 13. Qb3 0-0-0 14. Ba3 Qe8 15. Rfc1 f6 16. Bc5 Bxc5 17. dxc5 Kb8 18. b6 cxb6 19. Qxb6 Bc8 20. Ned4 Nc6 21. Bb5 Nge7 22. Rcb1 Ka8 23. Bxc6 Nxc6 24. Nb5 Kb8 25. Nfd4 Bd7 26. Nd6 1-0

[Event "Porto Alegre op"]
[Site "Porto Alegre"]
[Date "2012.09.08"]
[Round "5"]
[White "Karoly, Carlos Acacio Gomes"]
[Black "Martins, Anderson Donay"]
[Result "1/2-1/2"]
[WhiteElo "1912"]
[BlackElo "1935"]
[PlyCount "26"]
[EventDate "2012.09.06"]
[EventType "swiss"]
[EventRounds "7"]
[EventCountry "BRA"]
[SourceTitle "CBM 150 Extra"]
[Source "ChessBase"]
[SourceDate "2012.10.19"]
[SourceVersion "1"]
[SourceVersionDate "2012.10.19"]
[SourceQuality "1"]

1. e4 c5 2. Nf3 e6 3. d4 cxd4 4. Nxd4 Nf6 5. Bd3 a6 6. 0-0 d6 7. c4 Be7 8. Nc3 0-0 9. Be3 Nc6 10. Nxc6 bxc6 11. Qe2 e5 12. f3 a5 13. b3 Be6 1/2-1/2